| 000 | 00906nam a22002537a 4500 | ||
|---|---|---|---|
| 005 | 20170123162347.0 | ||
| 010 | _aA-842698 | ||
| 020 | _c15.00 | ||
| 035 | _aA-842698 | ||
| 037 | _bCen Lib/Ret | ||
| 040 |
_aDPL _bUR |
||
| 082 |
_a463.34 _bم ح م |
||
| 245 |
_aبنگلہ اردو ڈکشنری / _cمرتبہ محمّد امین |
||
| 246 |
_aBangla urdu dictionary / _bedited by Momammad Ameen |
||
| 260 |
_aکلکتہ _bبنگالی اردو اکادمی _c1989 |
||
| 270 |
_bکلکتہ _a١٧، سندری موہن ایونیو _e700014 |
||
| 300 |
_a256p. _c21cm(Hb) |
||
| 650 |
_aزبانیں - اردو-بنگالی _9134299 |
||
| 650 |
_a اردو-بنگالی ڈکشنری _9114356 |
||
| 650 |
_aLanguagres -- Urdu-Bengali _9134300 |
||
| 650 |
_aUrdu-Bengali Dictionary _9134301 |
||
| 700 |
_aمحمّد امین _9134302 |
||
| 942 |
_2ddc _cUR _h463.34 _mم ح م |
||
| 999 |
_c108981 _d108981 |
||